000 00612nam a2200181 a 4500
005 20231013063544.0
008 991125s1994 mx 000 0 spa u
035 _aUPN01000002641
049 _aF
050 4 _aHD325
_bP4.2
100 1 _aPérez Alfonso, Amado
_942823
245 1 0 _aAnálisis de la trascendencia de las reformas constitucionales y sus disposiciones reglamentarias en materia de justicia agraria /
_cAmado Pérez Alfonso.
260 _aVillahermosa :
_bUJAT,
_c1994.
300 _a45 p.
650 4 _aReforma agraria
_zMéxico
_916064
610 1 4 _aMEXICO.
_kLEYES, DECRETOS, ETC.
905 _aLibro
999 _c2641
_d2641